000
00247nam a22000977a 4500
999
_c
11569
_d
11569
008
190705b ||||| |||| 00| 0 eng d
020
_a
9789388945196
100
_a
Tyagaraj Jemima
_9
7278
245
_a
Look to the Rainbow
260
_b
Noida
_c
ISPCK
_d
2019